| 000 | 01100nam a2200253Ia 4500 | ||
|---|---|---|---|
| 003 | OSt | ||
| 005 | 20220930204408.0 | ||
| 006 | a|||||r|||| 00| 0 | ||
| 007 | ta | ||
| 008 | 220926b |||||||| |||| 00| 0 hin d | ||
| 024 | _a35786 | ||
| 037 | _cDissertations | ||
| 040 |
_aCRL _cCRL _bhin |
||
| 041 |
_2hin _ahin |
||
| 100 | _aपाण्डेय, अमित, ले. | ||
| 110 | _aदिल्ली विश्वविद्यालय. कला संकाय. हिन्दी विभाग | ||
| 245 | 0 | _aपर्यावरणीय समस्याओं के संदर्भ मं एकांत श्रीवास्तव की कविताएँ। | |
| 246 | _aParyāvaraṇīya samasyāoan ke sandarbha man ekāanta shrīvāstav kī kavitāeँ। | ||
| 260 | _c2016 | ||
| 300 |
_a130पृ. _ccm. |
||
| 700 | _aदिल्ली विश्वविद्यालय. कला संकाय. हिन्दी विभाग | ||
| 942 |
_cDIS _2CC |
||
| 999 |
_c905971 _d905971 |
||